El amor en los tiempos del cólera / Gabriel García Márquez (Registro nro. 1993)
[ vista simple ]
| 000 -LEADER | |
|---|---|
| fixed length control field | 00670nam a2200241Ia 4500 |
| 001 - CONTROL NUMBER | |
| control field | 108 |
| 003 - CONTROL NUMBER IDENTIFIER | |
| control field | DO-SdBJH |
| 005 - DATE AND TIME OF LATEST TRANSACTION | |
| control field | 20180120165239.0 |
| 008 - FIXED-LENGTH DATA ELEMENTS--GENERAL INFORMATION | |
| fixed length control field | 180110s9999 dr 000 0 spa d |
| 020 ## - INTERNATIONAL STANDARD BOOK NUMBER | |
| International Standard Book Number | 958-06-0000-7 |
| 040 ## - CATALOGING SOURCE | |
| Original cataloging agency | DO-SdBJH |
| Language of cataloging | spa |
| Transcribing agency | DO-SdBJH |
| 041 ## - LANGUAGE CODE | |
| Language code of summary or abstract | spa |
| 082 ## - DEWEY DECIMAL CLASSIFICATION NUMBER | |
| Classification number | RD 863.44 G216at 1985 |
| 100 1# - MAIN ENTRY--PERSONAL NAME | |
| Personal name | García Márquez, Gabriel |
| 245 10 - TITLE STATEMENT | |
| Title | El amor en los tiempos del cólera / Gabriel García Márquez |
| 260 ## - PUBLICATION, DISTRIBUTION, ETC. (IMPRINT) | |
| Place of publication, distribution, etc. | Bogotá: Oveja Negra, 1985 |
| 300 ## - PHYSICAL DESCRIPTION | |
| Extent | 473 páginas |
| 650 4# - SUBJECT ADDED ENTRY--TOPICAL TERM | |
| Topical term or geographic name as entry element | Literatura colombiana |
| 650 4# - SUBJECT ADDED ENTRY--TOPICAL TERM | |
| Topical term or geographic name as entry element | Novela colombiana |
| 942 ## - ADDED ENTRY ELEMENTS (KOHA) | |
| Source of classification or shelving scheme | Dewey Decimal Classification |
| Koha item type | Libros |
| Withdrawn status | Lost status | Source of classification or shelving scheme | Damaged status | Not for loan | Collection code | Home library | Current library | Shelving location | Date acquired | Inventory number | Total Checkouts | Full call number | Barcode | Date last seen | Copy number | Price effective from | Koha item type |
|---|---|---|---|---|---|---|---|---|---|---|---|---|---|---|---|---|---|
| Dewey Decimal Classification | Colección Dominicana | SIBM UNADE - Biblioteca Escuela Naval. Capitán de Navío Javier O. Polanco Sánchez, ARD | SIBM UNADE - Biblioteca Escuela Naval. Capitán de Navío Javier O. Polanco Sánchez, ARD | En estantería | 01/18/2018 | 17-EARD-00164 | RD 863.44 G216at 1985 | 17-EARD-00164 | 01/20/2018 | Ej.1 | 01/18/2018 | Libros |
